Marvel - Quiz général 2 - Statistiques

Statistiques générales
  • Ce quiz a été pris 249 fois
  • Le résultat moyen est 12 sur 25
Statistiques - réponses
Description Réponse % Correct
Personnage doté d'une cape de lévitation rouge Doctor Strange
88%
Symbiote né d'une partie de Venom Carnage
78%
MCU : Gardien de la Pierre de l'âme Crâne Rouge
73%
MCU : Personnage faisant régulièrement des référencesà la pop culture notamment Star Wars Spider-Man/Peter Parker
69%
Personnage ayant succédé à Clint Barton en tant queHawkeye Kate Bishop
62%
Assassin de Gwen Stacy Bouffon Vert
61%
Prince des Mers de l'univers Marvel Namor
59%
Grand ennemi des Quatre Fantastiques Dr Fatalis/Doom
55%
Fille de Magneto aux pouvoirs exceptionnels Wanda Maximoff
54%
Personnage ayant la capacité de voyager dans lemultivers au travers de portails en forme d'étoile America Chavez
51%
Personnage ayant vendu son âme au diable Ghost Rider (Johnny Blaze)
46%
Equipe qui a pour quartier général le Baxter Building Les Quatre Fantastiques
44%
L'Homme le plus intelligent de la Terre Reed Richards
44%
Chef des Inhumains Blackagar Boltagon/Black Bolt/Flèche Noire
41%
Equipe composée la plupart du temps d'anciensuper-vilains ou anti-héros comme Helmut Zemo, Venom ou le Punisher Thunderbolts
40%
Identité du Red Hulk Thadeus Ross/Général Ross
39%
Eternelle qui deviendra la déesse grecque de la guerre Théna
38%
Clone féminin de Wolverine X-23/Laura
38%
Royaume sur lequel il règne Atlantis
35%
Grand antagoniste de l'univers Marvel qui a pour ancêtre Reed Richards Kang Le Conquérant
35%
Ancien Avenger qui aide Wolverine dans lecomics Old Man Logan Hawkeye/Clint Barton
32%
Personnage ayant enterré Spider-Man vivant Kraven Le Chasseur
32%
Pays fictif d'où vient ce personnage Latvérie
29%
Une des personnalités du super-héros Moon Knight,celle-ci utilisée comme chauffeur de taxi Jake Lockley
23%
Reine des Monstres de Seknarf-9 (également vue dans lejeu Guardians of the Galaxy) Lady Hellbender
6%
Aucun quiz correspondant
Distribution des résultats
% des personnes avec chaque résultat
Percentile par nombre de réponses
Votre historique - résultats
Vous n’avez pas pris ce quiz